[Event "DEN-ch Seniors 65"]
[Site "Logumkloster"]
[Date "2020.02.12"]
[Round "4"]
[White "Kristensen, Niels Aage"]
[Black "Lontoft, Sven"]
[Result "0-1"]
[WhiteElo "1479"]
[BlackElo "1763"]
[PlyCount "66"]
[EventDate "2020.02.09"]
[EventType "swiss"]
[EventRounds "7"]
[EventCountry "DEN"]
[SourceTitle "EXT 2021"]
[Source "ChessBase"]
[SourceDate "2020.10.23"]
[SourceVersion "1"]
[SourceVersionDate "2020.10.23"]
[SourceQuality "1"]

1. d4 Nf6 2. Nf3 d5 3. Bf4 Bf5 4. Nbd2 Nc6 5. e3 a6 6. c3 e6 7. Nh4 Bg6 8. Nxg6 hxg6 9. h3 Bd6 10. Bg5 e5 11. c4 Bb4 12. dxe5 Nxe5 13. Qa4+ Nc6 14. 0-0-0 Qd6 15. Bf4 Bxd2+ 16. Rxd2 Qc5 17. b4 Qxb4 18. Qxb4 Nxb4 19. Kb2 Ne4 20. Re2 dxc4 21. f3 Nd6 22. Bxd6 cxd6 23. Rd2 Rc8 24. Kc3 a5 25. Rxd6 Nxa2+ 26. Kb2 c3+ 27. Kc2 Nb4+ 28. Kc1 Ke7 29. Rb6 Rc7 30. Bb5 c2 31. Ba4 Nd3+ 32. Kd2 c1Q+ 33. Rxc1 Nxc1 0-1

[Event "DEN-ch Seniors 65"]
[Site "Logumkloster"]
[Date "2020.02.11"]
[Round "3"]
[White "Lontoft, Sven"]
[Black "Wang, Peter"]
[Result "0-1"]
[WhiteElo "1763"]
[BlackElo "1881"]
[PlyCount "66"]
[EventDate "2020.02.09"]
[EventType "swiss"]
[EventRounds "7"]
[EventCountry "DEN"]
[SourceTitle "EXT 2021"]
[Source "ChessBase"]
[SourceDate "2020.10.23"]
[SourceVersion "1"]
[SourceVersionDate "2020.10.23"]
[SourceQuality "1"]

1. e4 d6 2. d4 e5 3. dxe5 dxe5 4. Qxd8+ Kxd8 5. Bc4 Be6 6. Bxe6 fxe6 7. Bg5+ Kd7 8. Nd2 h6 9. Bh4 Nc6 10. 0-0-0 b5 11. Nb3+ Kc8 12. Nf3 Bd6 13. Bg3 a5 14. Nbd2 Nf6 15. Rhe1 Nd7 16. Nh4 g5 17. Nhf3 Nc5 18. Re3 Kb7 19. Ne1 a4 20. Nd3 Nd7 21. f3 Nc5 22. Nxc5+ Bxc5 23. Ree1 a3 24. b3 Bd4 25. c4 Rhd8 26. cxb5 Nb4 27. Kb1 Bc3 28. Re2 Rd3 29. Be1 Rad8 30. h4 c6 31. bxc6+ Nxc6 32. hxg5 hxg5 33. Bf2 Bxd2 0-1

[Event "DEN-ch Seniors 65"]
[Site "Logumkloster"]
[Date "2020.02.09"]
[Round "1"]
[White "Lontoft, Sven"]
[Black "Mortensen, John"]
[Result "0-1"]
[WhiteElo "1763"]
[BlackElo "2068"]
[PlyCount "58"]
[EventDate "2020.02.09"]
[EventType "swiss"]
[EventRounds "7"]
[EventCountry "DEN"]
[SourceTitle "EXT 2021"]
[Source "ChessBase"]
[SourceDate "2020.10.23"]
[SourceVersion "1"]
[SourceVersionDate "2020.10.23"]
[SourceQuality "1"]

1. e4 c5 2. Nf3 Nc6 3. d4 cxd4 4. Nxd4 g6 5. Be3 Bg7 6. Nc3 Nf6 7. Be2 0-0 8. f4 d5 9. e5 Ne8 10. g4 Nc7 11. h4 Ne6 12. Nxe6 Bxe6 13. Bf2 Qa5 14. Qd2 Rad8 15. h5 d4 16. Ne4 Nb4 17. Kf1 Qd5 18. Bf3 Qc4+ 19. Kg2 Bd5 20. Qxd4 Qxd4 21. Bxd4 Bxe4 22. Bxe4 Rxd4 23. Kf3 Nc6 24. Ke3 Rfd8 25. hxg6 hxg6 26. Bd3 g5 27. Raf1 gxf4+ 28. Rxf4 Rxf4 29. Kxf4 Bxe5+ 0-1

[Event "Amager AMSF Gr2"]
[Site "Amager"]
[Date "2016.09.06"]
[Round "3"]
[White "Larsen, Troels Frolich"]
[Black "Lontoft, Sven"]
[Result "0-1"]
[WhiteElo "1724"]
[BlackElo "1724"]
[PlyCount "46"]
[EventDate "2016.08.16"]
[EventType "tourn"]
[EventRounds "7"]
[EventCountry "DEN"]
[SourceTitle "EXT 2023"]
[Source "ChessBase"]
[SourceDate "2022.10.05"]
[SourceVersion "1"]
[SourceVersionDate "2022.10.05"]
[SourceQuality "1"]

1. e4 d5 2. exd5 Qxd5 3. Nf3 Nf6 4. Be2 Bf5 5. 0-0 e6 6. c4 Qd8 7. d4 Be7 8. Qa4+ c6 9. Nc3 0-0 10. Rd1 Nbd7 11. Nh4 Ne4 12. Nxf5 exf5 13. Nxe4 fxe4 14. Qc2 Nf6 15. Be3 Qc7 16. Rac1 Rad8 17. f3 Rfe8 18. fxe4 Nxe4 19. Qxe4 Bg5 20. Qg4 Bxe3+ 21. Kh1 Bxc1 22. Rxc1 Qe7 23. Bd3 Qe1+ 0-1

[Event "Amager-ch"]
[Site "Amager"]
[Date "2015.09.22"]
[Round "5"]
[White "Lontoft, Sven"]
[Black "Frank Nielsen, Marie"]
[Result "0-1"]
[WhiteElo "1619"]
[BlackElo "1926"]
[PlyCount "74"]
[EventDate "2015.08.18"]
[EventType "swiss"]
[EventRounds "7"]
[EventCountry "DEN"]
[SourceTitle "EXT 2023"]
[Source "ChessBase"]
[SourceDate "2022.10.05"]
[SourceVersion "1"]
[SourceVersionDate "2022.10.05"]
[SourceQuality "1"]

1. c4 Nf6 2. Nc3 g6 3. g3 Bg7 4. Bg2 0-0 5. e3 d6 6. Nge2 e5 7. d4 Nc6 8. 0-0 a6 9. b3 Rb8 10. Ba3 Re8 11. Rc1 Bd7 12. c5 dxc5 13. dxc5 Qc8 14. Qc2 Bh3 15. Rfd1 Qg4 16. Nd5 Bxg2 17. Nxf6+ Bxf6 18. Kxg2 e4 19. Nf4 Bg7 20. h3 Qf3+ 21. Kg1 g5 22. Nd5 Re6 23. Nc3 Rbe8 24. Qe2 Qf5 25. Qg4 Qg6 26. Rd5 h6 27. f4 exf3 28. e4 Nd4 29. h4 gxh4 30. Qxh4 Ne2+ 31. Nxe2 fxe2 32. Rd8 Rxe4 33. Rxe8+ Rxe8 34. Kf2 Qd3 35. Qg4 Qe3+ 36. Ke1 Qg1+ 37. Kd2 e1Q+ 0-1

[Event "Amager-ch"]
[Site "Amager"]
[Date "2015.08.18"]
[Round "1"]
[White "Lontoft, Sven"]
[Black "Kjemtrup, Niels Moller"]
[Result "1-0"]
[WhiteElo "1619"]
[BlackElo "1286"]
[PlyCount "91"]
[EventDate "2015.08.18"]
[EventType "swiss"]
[EventRounds "7"]
[EventCountry "DEN"]
[SourceTitle "EXT 2023"]
[Source "ChessBase"]
[SourceDate "2022.10.05"]
[SourceVersion "1"]
[SourceVersionDate "2022.10.05"]
[SourceQuality "1"]

1. c4 Nf6 2. Nc3 g6 3. g3 Bg7 4. Bg2 c6 5. d4 d5 6. cxd5 cxd5 7. Bf4 Nc6 8. Nf3 Ne4 9. 0-0 0-0 10. e3 b6 11. Nxe4 dxe4 12. Ng5 e5 13. Bxe4 exf4 14. Bxc6 Qxg5 15. Bxa8 fxe3 16. f4 Qb5 17. Bf3 Qxb2 18. Qe2 Bxd4 19. Rad1 Re8 20. Kg2 Bb7 21. Qxb2 Bxf3+ 22. Kxf3 Bxb2 23. Rfe1 Ba3 24. Rxe3 Rxe3+ 25. Kxe3 Bc5+ 26. Ke4 Kg7 27. Ke5 a5 28. Kd5 Kf6 29. Ke4 a4 30. g4 g5 31. f5 b5 32. Rd5 Bg1 33. Rxb5 Bxh2 34. Ra5 h5 35. gxh5 Kg7 36. Rxa4 g4 37. Rc4 Kh6 38. a4 Kxh5 39. a5 Kh4 40. a6 Bg1 41. Rc1 Bb6 42. Kf4 Kh3 43. Rc3+ Kh4 44. Rc6 Bc7+ 45. Rxc7 g3 46. Rxf7 1-0

[Event "Amager Spring B"]
[Site "Amager"]
[Date "2015.05.05"]
[Round "2"]
[White "Lontoft, Sven"]
[Black "Madsen, Michael Leerberg"]
[Result "0-1"]
[WhiteElo "1588"]
[BlackElo "1665"]
[PlyCount "60"]
[EventDate "2015.04.28"]
[EventType "tourn"]
[EventRounds "5"]
[EventCountry "DEN"]
[SourceTitle "EXT 2023"]
[Source "ChessBase"]
[SourceDate "2022.10.05"]
[SourceVersion "1"]
[SourceVersionDate "2022.10.05"]
[SourceQuality "1"]

1. c4 Nf6 2. Nc3 c5 3. g3 Nc6 4. Bg2 e6 5. e4 g6 6. Nf3 Bg7 7. 0-0 0-0 8. d3 d6 9. Bf4 a6 10. Qd2 Re8 11. Rad1 Ng4 12. h3 Nge5 13. Nxe5 Nxe5 14. Qc2 Bd7 15. Ne2 b5 16. Bxe5 Bxe5 17. f4 Bg7 18. e5 Rb8 19. exd6 bxc4 20. dxc4 Rxb2 21. Qd3 Rxa2 22. Rb1 e5 23. g4 exf4 24. Nxf4 Bd4+ 25. Kh1 Re3 26. Qd1 g5 27. Nd3 Ree2 28. Ne1 Bc6 29. Nf3 Bxf3 30. Rxf3 Rxg2 0-1

[Event "Amager-ch A"]
[Site "Amager"]
[Date "2014.08.19"]
[Round "1"]
[White "Lontoft, Sven"]
[Black "Nicolaisen, Jeppe"]
[Result "1-0"]
[WhiteElo "1725"]
[BlackElo "1967"]
[PlyCount "43"]
[EventDate "2014.08.19"]
[EventType "tourn"]
[EventRounds "7"]
[EventCountry "DEN"]
[SourceTitle "EXT 2023"]
[Source "ChessBase"]
[SourceDate "2022.10.05"]
[SourceVersion "1"]
[SourceVersionDate "2022.10.05"]
[SourceQuality "1"]

1. e4 c5 2. Nf3 e6 3. d4 cxd4 4. Nxd4 Nc6 5. Nc3 Nf6 6. Nxc6 bxc6 7. e5 Nd5 8. Ne4 Qc7 9. f4 c5 10. c4 Nb4 11. a3 Qb7 12. Nc3 Nc6 13. Bd3 Be7 14. 0-0 f5 15. exf6 Bxf6 16. Qh5+ g6 17. Bxg6+ hxg6 18. Qxg6+ Ke7 19. Nd5+ exd5 20. Re1+ Be5 21. fxe5 Kd8 22. Qf6+ 1-0

[Event "Amager Aabne CC-ch"]
[Site "Amager"]
[Date "2012.03.13"]
[Round "2"]
[White "Foss, Kim"]
[Black "Lontoft, Sven"]
[Result "0-1"]
[WhiteElo "1472"]
[BlackElo "1693"]
[PlyCount "72"]
[EventDate "2012.01.10"]
[EventType "swiss"]
[EventRounds "7"]
[EventCountry "DEN"]
[SourceTitle "EXT 2023"]
[Source "ChessBase"]
[SourceDate "2022.10.05"]
[SourceVersion "1"]
[SourceVersionDate "2022.10.05"]
[SourceQuality "1"]

1. Nf3 d5 2. c4 Nf6 3. cxd5 Qxd5 4. Nc3 Qa5 5. g3 Bf5 6. Bg2 c6 7. Qb3 Qc7 8. 0-0 Nbd7 9. d3 e5 10. Bg5 Nc5 11. Qc2 Be7 12. Rad1 Rd8 13. b4 Ne6 14. a3 0-0 15. Rfe1 h6 16. Bc1 Rd7 17. Bb2 Nd4 18. Nxd4 exd4 19. Ne4 Bxe4 20. Bxe4 Nxe4 21. dxe4 Rfd8 22. Rd3 b6 23. Rc1 c5 24. e3 dxe3 25. Rxe3 Rd2 26. Qb3 Qd7 27. bxc5 Bxc5 28. Rf3 Re2 29. e5 Qd5 30. Qxd5 Rxd5 31. Kf1 Rdd2 32. h4 Rxb2 33. Rd3 Rxf2+ 34. Ke1 Rh2 35. Rf3 Rh1+ 36. Rf1 Bf2+ 0-1

[Event "Amager Aabne CC-ch"]
[Site "Amager"]
[Date "2012.02.27"]
[Round "5"]
[White "Lontoft, Sven"]
[Black "Brorsen, Jacob Abildlund"]
[Result "1/2-1/2"]
[WhiteElo "1693"]
[BlackElo "2101"]
[PlyCount "96"]
[EventDate "2012.01.10"]
[EventType "swiss"]
[EventRounds "7"]
[EventCountry "DEN"]
[SourceTitle "EXT 2023"]
[Source "ChessBase"]
[SourceDate "2022.10.05"]
[SourceVersion "1"]
[SourceVersionDate "2022.10.05"]
[SourceQuality "1"]

1. e4 c5 2. Nf3 d6 3. d4 cxd4 4. Nxd4 Nf6 5. Nc3 a6 6. Be3 e6 7. Be2 b5 8. Bf3 b4 9. Nce2 e5 10. Nf5 d5 11. Bg5 Be6 12. Neg3 d4 13. Nh5 Rg8 14. Nh6 Rh8 15. Nf5 Bxf5 16. exf5 Ra7 17. Nxf6+ gxf6 18. Bd2 Nd7 19. c3 Qb6 20. 0-0 Bc5 21. Rc1 Ke7 22. cxb4 Bxb4 23. Rc6 Qb5 24. Bxb4+ Qxb4 25. Qc2 a5 26. Rc4 Qb5 27. Re1 Rb8 28. b3 Qb6 29. Qd2 Kd8 30. Qh6 Rc7 31. Rxc7 Qxc7 32. Rc1 Qd6 33. Qxh7 d3 34. Qxf7 d2 35. Rd1 Rc8 36. h4 Rc1 37. g3 e4 38. Be2 Qc5 39. Qg8+ Kc7 40. Qg4 Qc2 41. Kg2 Kb6 42. Qf4 Rxd1 43. Qd6+ Ka7 44. Qxd7+ Kb8 45. Qd8+ Ka7 46. Qd4+ Kb7 47. Bxd1 Qxd1 48. Qd5+ Ka7 1/2-1/2

[Event "Amager Aabne CC-ch"]
[Site "Amager"]
[Date "2012.01.10"]
[Round "1"]
[White "Vandborg, Soren"]
[Black "Lontoft, Sven"]
[Result "0-1"]
[WhiteElo "1400"]
[BlackElo "1693"]
[PlyCount "58"]
[EventDate "2012.01.10"]
[EventType "swiss"]
[EventRounds "7"]
[EventCountry "DEN"]
[SourceTitle "EXT 2023"]
[Source "ChessBase"]
[SourceDate "2022.10.05"]
[SourceVersion "1"]
[SourceVersionDate "2022.10.05"]
[SourceQuality "1"]

1. Nf3 Nf6 2. d4 d5 3. c4 dxc4 4. Qa4+ Nc6 5. e3 Bd7 6. Qxc4 e6 7. Bd3 Nb4 8. a3 Nxd3+ 9. Qxd3 c5 10. 0-0 cxd4 11. e4 Qb6 12. Nbd2 Bb5 13. Nc4 Bxc4 14. Qxc4 Nxe4 15. Nxd4 Rd8 16. Qb5+ Qxb5 17. Nxb5 Bc5 18. Nc7+ Ke7 19. Be3 Bxe3 20. fxe3 Rd2 21. Rf4 Nd6 22. b4 Rc8 23. Rc1 Kd7 24. Rd4 Rxd4 25. exd4 Rxc7 26. Rxc7+ Kxc7 27. Kf2 Nb5 28. a4 Nxd4 29. g4 Kd6 0-1

[Event "Amager-ch"]
[Site "Amager"]
[Date "2011.10.04"]
[Round "5"]
[White "Friis, Jordy Ar"]
[Black "Lontoft, Sven"]
[Result "1-0"]
[WhiteElo "1660"]
[BlackElo "1699"]
[PlyCount "61"]
[EventDate "2011.08.30"]
[EventType "swiss"]
[EventRounds "7"]
[EventCountry "DEN"]
[SourceTitle "EXT 2023"]
[Source "ChessBase"]
[SourceDate "2022.10.05"]
[SourceVersion "1"]
[SourceVersionDate "2022.10.05"]
[SourceQuality "1"]

1. d4 Nf6 2. c4 g6 3. Nc3 d5 4. Bg5 Ne4 5. Nxe4 dxe4 6. e3 Bg7 7. Ne2 c5 8. Rc1 Nc6 9. d5 Qa5+ 10. Nc3 Nb4 11. Qb3 Nxa2 12. Ra1 Bxc3+ 13. bxc3 Qxc3+ 14. Qxc3 Nxc3 15. Ra3 Nxd5 16. cxd5 Bd7 17. Rb3 b6 18. Ba6 Bc8 19. Bb5+ Bd7 20. Bxd7+ Kxd7 21. Bf4 Rhc8 22. Kd2 e6 23. dxe6+ Kxe6 24. Kc2 Kd5 25. Rd1+ Kc6 26. Rd6+ Kb7 27. Rd7+ Kc6 28. Rxf7 c4 29. Rb1 a5 30. Rf6+ Kd5 31. Rb5+ 1-0

[Event "Amager-ch"]
[Site "Amager"]
[Date "2011.09.27"]
[Round "4"]
[White "Nielsen, Mogens Bach"]
[Black "Lontoft, Sven"]
[Result "1/2-1/2"]
[WhiteElo "1804"]
[BlackElo "1699"]
[PlyCount "55"]
[EventDate "2011.08.30"]
[EventType "swiss"]
[EventRounds "7"]
[EventCountry "DEN"]
[SourceTitle "EXT 2023"]
[Source "ChessBase"]
[SourceDate "2022.10.05"]
[SourceVersion "1"]
[SourceVersionDate "2022.10.05"]
[SourceQuality "1"]

1. c4 e5 2. Nc3 Nf6 3. a3 b6 4. Nf3 Nc6 5. e3 Bb7 6. Be2 Be7 7. d4 exd4 8. exd4 d5 9. 0-0 0-0 10. Bf4 dxc4 11. Bxc4 Bd6 12. Bxd6 Qxd6 13. Nb5 Qd8 14. Rc1 a6 15. Nc3 Ne7 16. Ne5 Ned5 17. Nxd5 Bxd5 18. Ng4 Bxc4 19. Rxc4 Rc8 20. Nxf6+ Qxf6 21. Qc2 Qf4 22. Rc1 Rfe8 23. h3 Re7 24. Qc3 Rd7 25. Rc6 Qxd4 26. Qxd4 Rxd4 27. Rxc7 Rxc7 28. Rxc7 1/2-1/2

[Event "Amager-ch"]
[Site "Amager"]
[Date "2011.09.06"]
[Round "2"]
[White "Lontoft, Sven"]
[Black "Henriksen, Peter"]
[Result "1-0"]
[WhiteElo "1699"]
[BlackElo "1459"]
[PlyCount "138"]
[EventDate "2011.08.30"]
[EventType "swiss"]
[EventRounds "7"]
[EventCountry "DEN"]
[SourceTitle "EXT 2023"]
[Source "ChessBase"]
[SourceDate "2022.10.05"]
[SourceVersion "1"]
[SourceVersionDate "2022.10.05"]
[SourceQuality "1"]

1. Nf3 d5 2. d4 h6 3. c4 Nf6 4. cxd5 Nxd5 5. e4 Nf6 6. Nc3 c6 7. Bf4 Nbd7 8. Bd3 Nb6 9. h3 g5 10. Be3 Bg7 11. Rc1 g4 12. Ne5 h5 13. h4 Be6 14. f4 gxf3 15. gxf3 a6 16. b3 Qc7 17. Ne2 0-0-0 18. Bf4 Bh6 19. Qd2 Bxf4 20. Qxf4 Rhg8 21. d5 Nbxd5 22. exd5 Nxd5 23. Qe4 Qa5+ 24. Kf2 Qb6+ 25. Qd4 Qxd4+ 26. Nxd4 Nf4 27. Ndxc6 bxc6 28. Rxc6+ Kb8 29. Bxa6 Rg2+ 30. Ke3 Nd5+ 31. Ke4 f5+ 32. Kd3 Nb4+ 33. Ke3 Nd5+ 34. Kd3 Ka7 35. Rxe6 Nf4+ 36. Ke3 Nxe6 37. Bf1 Rc2 38. Bc4 f4+ 39. Ke4 Rd4+ 40. Kf5 Ng7+ 41. Kg6 Rg2+ 42. Kf7 Kb6 43. Kxe7 Rxa2 44. Kf6 Rg2 45. Ra1 Ne8+ 46. Ke7 Nc7 47. Nd7+ Kb7 48. Nc5+ Kc6 49. Ne4 Rh2 50. Ra5 Rxh4 51. Nf6 Rh3 52. Nxh5 Rxf3 53. Rf5 Re3+ 54. Kf6 f3 55. Kg5 Ne6+ 56. Bxe6 Rxe6 57. Rxf3 Rb4 58. Nf4 Ree4 59. Kf5 Re8 60. Rc3+ Kd6 61. Rd3+ Kc6 62. Rc3+ Kb5 63. Nd5 Rf8+ 64. Ke5 Rh4 65. Kd6 Rd4 66. Rc5+ Ka6 67. Kc6 Rc8+ 68. Nc7+ Ka7 69. Ra5+ Kb8 1-0